Obras filosóficas [de Denis Diderot] /

Guardado en:
書目詳細資料
主要作者: Diderot, Denis (autor)
格式: 圖書
語言:西班牙语
出版: Buenos Aires, Argentina : Tor, copyright fecha no identificada
標簽: 添加標簽
沒有標簽, 成為第一個標記此記錄!

MARC

LEADER 00000nam^a2200000^a^4500
001 000434040
005 20250526000000.0
009 20260310123056.858
037 |a Acervo ITESO - Biblioteca 
041 |a ESP 
091 |a FHM. 06797 
100 |a Diderot, Denis  |e (autor) 
245 1 0 |a Obras filosóficas [de Denis Diderot] / 
264 4 |a Buenos Aires, Argentina :  |b Tor,  |c copyright fecha no identificada 
300 |a 186 p. ;  |c 19.0 cm. 
336 |a texto  |b txt  |2 rdacontenido 
337 |a sin mediación  |b n  |2 rdamedio 
338 |a volumen  |b nc  |2 rdasoporte 
649 |a XX 
910 |a Fondo Hugo B. Margáin 
920 |a Impresos - Libros 
930 |a Libros Antiguos y Raros 
905 |a 126 
901 |a 0500305517  |b IT2  |c LRA  |i D109154  |u 20250526 
902 |a https://opac.biblio.iteso.mx/vufind/Record/000434040